Statistiques concernant 10 animaux les plus venimeux du monde

Cliquez ici pour prendre le quiz!

Statistiques générales

  • Ce quiz a été pris 796 fois
  • Le résultat moyen est 4 sur 10

Statistiques - réponses

Rang de toxicitéAnimal% Correct
9Taïpan du Désert
88%
6Rôdeur Mortel
64%
1Méduse-boîte
54%
3Cobra royal
46%
2Dentrobates
38%
5Pieuvre à anneaux bleus
19%
7Poisson-pierre
15%
4Cône marbré
12%
10Poisson-globe
10%
8Araignées-bananes
8%

Distribution des résultats

Percentile par nombre de réponses

% des personnes avec chaque résultat

Votre développement - résultats

Vous n’avez pas pris ce quiz